000
00334nam a22001457a 4500
020
_a
81-7655-102-3
082
_a
001
_b
BLU/M
100
_a
BLUM, RAYMOND
245
_a
MATH TRICKS, PUZZLES AND GAMES
260
_a
NEW YORK
_b
STERLING PUBLISHING COMPANY
_c
1994
300
_a
125
520
_a
PUZZLES
650
_a
PUZZLES
942
_c
BK
999
_c
6708
_d
6708